00902cam a2200229 i 450000100060000000300080000600500170001400800390003102000150007003500190008504000320010404100080013608200230014410000200016724502970018725000120048426000400049630000360053650400510057265000240062370000250064714306BD-RjUL20211208235615.0140205s1979 paua b 001 0 eng a0397542240 a(BD-RjUL)14358 aDLCcDLCdDLCdBD-RjULbeng aeng00a616.0754bBAG 19791 aBates, Barbara.12aA guide to physical examination /cBarbara Bates, with a section on the pediatric examination by Robert A. Hoekelman ; ill. by Robert Wabnitz and staff of the Medical Illustration Unit, Division of Medical Education and Communication, University of Rochester School of Medicine and Dentistry. a2nd ed. aPhiladelphia :bLippincott,cc1979. axviii, 440 p. :bill. ;c29 cm. aIncludes bibliographical references and index. 0aPhysical diagnosis.1 aHoekelman, Robert A.